新・該当する乃木坂46メンバーを選べ! - Statistics

General Stats
  • This quiz has been taken 25 times
  • The average score is 77 of 108
Answer Stats
Question Tile Select % Correct
5期生 Yes
100%
5期生 No
100%
5期生 Yes
100%
5期生 No
100%
5期生 Yes
100%
5期生 No
100%
5期生 Yes
100%
5期生 Yes
100%
5期生 No
100%
関東出身 Yes
94%
関東出身 No
94%
関東出身 No
94%
関東出身 Yes
94%
関東出身 No
94%
関東出身 No
89%
早生まれ No
89%
身長160㎝以上 Yes
89%
35thシングル選抜メンバー No
89%
レギュラー出演しているラジオ番組がある Yes
89%
40thシングルまでに、自身がセンターのアンダー楽曲がある No
89%
40thシングルまでに、自身がセンターのアンダー楽曲がある No
89%
40thシングルまでに、自身がセンターのアンダー楽曲がある No
89%
40thシングルまでに、自身がセンターのアンダー楽曲がある No
89%
40thシングルまでに、自身がセンターのアンダー楽曲がある Yes
89%
40thシングルまでに、自身がセンターのアンダー楽曲がある No
89%
他の坂道(櫻坂46・日向坂46)に同じ苗字のメンバーがいる、またはいた(欅坂46・けやき坂46含む) No
89%
他の坂道(櫻坂46・日向坂46)に同じ苗字のメンバーがいる、またはいた(欅坂46・けやき坂46含む) No
89%
他の坂道(櫻坂46・日向坂46)に同じ苗字のメンバーがいる、またはいた(欅坂46・けやき坂46含む) Yes
89%
他の坂道(櫻坂46・日向坂46)に同じ苗字のメンバーがいる、またはいた(欅坂46・けやき坂46含む) Yes
89%
他の坂道(櫻坂46・日向坂46)に同じ苗字のメンバーがいる、またはいた(欅坂46・けやき坂46含む) No
89%
他の坂道(櫻坂46・日向坂46)に同じ苗字のメンバーがいる、またはいた(欅坂46・けやき坂46含む) No
89%
2026年1月に3回以上ブログを投稿した No
89%
関東出身 Yes
83%
早生まれ No
83%
早生まれ No
83%
身長160㎝以上 No
83%
身長160㎝以上 Yes
83%
身長160㎝以上 No
83%
35thシングル選抜メンバー No
83%
レギュラー出演しているラジオ番組がある Yes
83%
40thシングルまでに、自身がセンターのアンダー楽曲がある No
83%
他の坂道(櫻坂46・日向坂46)に同じ苗字のメンバーがいる、またはいた(欅坂46・けやき坂46含む) No
83%
2026年1月に3回以上ブログを投稿した No
83%
関東出身 No
78%
身長160㎝以上 Yes
78%
身長160㎝以上 Yes
78%
35thシングル選抜メンバー No
78%
35thシングル選抜メンバー No
78%
レギュラー出演しているラジオ番組がある No
78%
レギュラー出演しているラジオ番組がある No
78%
40thシングルまでに、自身がセンターのアンダー楽曲がある No
78%
40thシングルまでに、自身がセンターのアンダー楽曲がある Yes
78%
他の坂道(櫻坂46・日向坂46)に同じ苗字のメンバーがいる、またはいた(欅坂46・けやき坂46含む) No
78%
2026年1月に3回以上ブログを投稿した No
78%
2026年1月に3回以上ブログを投稿した Yes
78%
関東出身 Yes
72%
身長160㎝以上 Yes
72%
35thシングル選抜メンバー Yes
72%
レギュラー出演しているラジオ番組がある Yes
72%
レギュラー出演しているラジオ番組がある Yes
72%
血液型はA型 No
67%
身長160㎝以上 Yes
67%
35thシングル選抜メンバー No
67%
レギュラー出演しているラジオ番組がある No
67%
他の坂道(櫻坂46・日向坂46)に同じ苗字のメンバーがいる、またはいた(欅坂46・けやき坂46含む) Yes
67%
5th Album 「My respect」のいずれかの形態のCDに自身のセンター曲が収録されている Yes
67%
5th Album 「My respect」のいずれかの形態のCDに自身のセンター曲が収録されている Yes
67%
血液型はA型 Yes
61%
血液型はA型 No
61%
早生まれ No
61%
サイリウムカラーにターコイズが入っている No
61%
サイリウムカラーにターコイズが入っている No
61%
サイリウムカラーにターコイズが入っている No
61%
35thシングル選抜メンバー Yes
61%
5th Album 「My respect」のいずれかの形態のCDに自身のセンター曲が収録されている Yes
61%
5th Album 「My respect」のいずれかの形態のCDに自身のセンター曲が収録されている Yes
61%
2026年1月に3回以上ブログを投稿した No
61%
血液型はA型 No
56%
早生まれ Yes
56%
早生まれ Yes
56%
サイリウムカラーにターコイズが入っている Yes
56%
サイリウムカラーにターコイズが入っている No
56%
35thシングル選抜メンバー No
56%
35thシングル選抜メンバー Yes
56%
5th Album 「My respect」のいずれかの形態のCDに自身のセンター曲が収録されている Yes
56%
5th Album 「My respect」のいずれかの形態のCDに自身のセンター曲が収録されている Yes
56%
5th Album 「My respect」のいずれかの形態のCDに自身のセンター曲が収録されている Yes
56%
5th Album 「My respect」のいずれかの形態のCDに自身のセンター曲が収録されている Yes
56%
2026年1月に3回以上ブログを投稿した Yes
56%
血液型はA型 No
50%
早生まれ Yes
50%
早生まれ Yes
50%
早生まれ Yes
50%
サイリウムカラーにターコイズが入っている Yes
50%
サイリウムカラーにターコイズが入っている No
50%
レギュラー出演しているラジオ番組がある Yes
50%
2026年1月に3回以上ブログを投稿した No
50%
血液型はA型 Yes
44%
血液型はA型 Yes
44%
サイリウムカラーにターコイズが入っている No
44%
5th Album 「My respect」のいずれかの形態のCDに自身のセンター曲が収録されている Yes
44%
レギュラー出演しているラジオ番組がある No
39%
2026年1月に3回以上ブログを投稿した Yes
39%
2026年1月に3回以上ブログを投稿した No
39%
血液型はA型 No
33%
身長160㎝以上 Yes
28%
血液型はA型 Yes
22%
サイリウムカラーにターコイズが入っている Yes
22%
No matching quizzes found
Score Distribution
Percent of People with Each Score
Percentile by Number Answered
Your Score History
You have not taken this quiz